000 00778nam a2200169 a 4500
001 000014166
005 20200929163512.0
008 091207s1972 dr 000 0 spa d
040 _aDO-SdBNP
_bspa
_cBNPHU
082 _axxx
_bP953
111 2 _aReunión del grupo de trabajo regional interamericano sobre desarrollo de la comunidad de los países del Caribe
_n(1a :
_d3-9 may. 1972 :
_cSanto Domingo)
_932015
245 1 0 _aInforme Final :
_bPrimera reunión del grupo de trabajo regional interamericano sobre desarrollo de la comunidad de los países del Caribe.
260 _aSanto Domingo :
_b[ s.n.],
_c1972.
300 _a67 p. ;
_c24 cm.
500 _aPaíses Participantes: Haití, Jamaica, Puerto rico, Estado Unidos, Trinidad-Tobago, República Dominicana
049 _aBNPD
999 _c13767
_d13767